[Event "TUR-chT 2nd League"]
[Site "Konya"]
[Date "2018.07.21"]
[Round "8.7"]
[White "Alparslan, Melisa Nur"]
[Black "Kaya, Elif"]
[Result "0-1"]
[WhiteElo "1337"]
[BlackElo "1264"]
[PlyCount "54"]
[EventDate "2018.07.16"]
[EventType "team-swiss"]
[EventRounds "9"]
[EventCountry "TUR"]
[SourceTitle "EXT 2019"]
[Source "ChessBase"]
[SourceDate "2018.10.10"]
[SourceVersion "1"]
[SourceVersionDate "2018.10.10"]
[SourceQuality "1"]
[WhiteTeam "Samsun Gercek"]
[BlackTeam "Karaman Yunus Ortaokulu"]
[WhiteTeamCountry "TUR"]
[BlackTeamCountry "TUR"]

1. e4 e6 2. d4 d5 3. Bd3 Nf6 4. e5 Nfd7 5. Nf3 c5 6. c3 Nc6 7. 0-0 cxd4 8. cxd4 Qb6 9. Bc2 Be7 10. Nc3 f6 11. Re1 0-0 12. Rb1 fxe5 13. Na4 Qc7 14. dxe5 Ndxe5 15. Nxe5 Nxe5 16. Bxh7+ Kxh7 17. Qh5+ Kg8 18. Rxe5 Qc2 19. Qe2 Qxb1 20. Qd1 Qg6 21. Rh5 Bd7 22. Nc3 Bc5 23. Rg5 Qf6 24. Ne2 Qxf2+ 25. Kh1 Qf1+ 26. Qxf1 Rxf1+ 27. Ng1 Rxg1# 0-1

[Event "TUR-chT 2nd League"]
[Site "Konya"]
[Date "2018.07.20"]
[Round "7.9"]
[White "Alparslan, Melisa Nur"]
[Black "Sahin, Sena"]
[Result "1/2-1/2"]
[WhiteElo "1337"]
[BlackElo "1267"]
[PlyCount "109"]
[EventDate "2018.07.16"]
[EventType "team-swiss"]
[EventRounds "9"]
[EventCountry "TUR"]
[SourceTitle "EXT 2019"]
[Source "ChessBase"]
[SourceDate "2018.10.10"]
[SourceVersion "1"]
[SourceVersionDate "2018.10.10"]
[SourceQuality "1"]
[WhiteTeam "Samsun Gercek"]
[BlackTeam "Maras Spor Kulubu"]
[WhiteTeamCountry "TUR"]
[BlackTeamCountry "TUR"]

1. e4 e5 2. Nf3 Nc6 3. Bb5 Nf6 4. d3 d6 5. c3 a6 6. Ba4 b5 7. Bc2 Bb7 8. 0-0 Ne7 9. Re1 Ng6 10. d4 Be7 11. b3 0-0 12. Bb2 exd4 13. cxd4 Re8 14. Nbd2 Bf8 15. Rc1 d5 16. e5 Nd7 17. Bxg6 fxg6 18. Nf1 Be7 19. Re2 Nf8 20. Rec2 Ne6 21. Ne3 Rc8 22. Rd2 Bb4 23. Bc3 Bxc3 24. Rxc3 Ng5 25. Nxg5 Qxg5 26. Rc5 c6 27. Rdc2 Rf8 28. g3 Qe7 29. Qc1 Qd7 30. Kg2 Rcd8 31. Qa3 Ra8 32. Qa5 Qd8 33. Qc3 Rc8 34. a3 Qd7 35. Qa5 Qd8 36. Qc3 a5 37. a4 b4 38. Qe1 Ra8 39. Qc1 Ra6 40. Qf1 Qe8 41. Qe2 Rb6 42. Qd1 Ra6 43. Qe2 Ra7 44. Qd1 Qe6 45. Qc1 Ra6 46. Qf1 Qf7 47. Qe2 Raa8 48. Qd1 Qd7 49. Nxd5 Qf7 50. Nb6 Ra6 51. Nc4 Rfa8 52. Rd2 Qd7 53. Rd3 Rf8 54. Re3 Qc7 55. Nd6 1/2-1/2

[Event "TUR-chT 2nd League"]
[Site "Konya"]
[Date "2018.07.19"]
[Round "5.7"]
[White "Alparslan, Melisa Nur"]
[Black "Tosun, Ayse Sena"]
[Result "0-1"]
[WhiteElo "1337"]
[BlackElo "1331"]
[PlyCount "116"]
[EventDate "2018.07.16"]
[EventType "team-swiss"]
[EventRounds "9"]
[EventCountry "TUR"]
[SourceTitle "EXT 2019"]
[Source "ChessBase"]
[SourceDate "2018.10.10"]
[SourceVersion "1"]
[SourceVersionDate "2018.10.10"]
[SourceQuality "1"]
[WhiteTeam "Samsun Gercek"]
[BlackTeam "Yalova Altinkale"]
[WhiteTeamCountry "TUR"]
[BlackTeamCountry "TUR"]

1. e4 c6 2. d4 d5 3. e5 Bf5 4. Ne2 e6 5. Ng3 Bg6 6. Bd3 c5 7. c3 Nc6 8. Bxg6 hxg6 9. Be3 Qc7 10. 0-0 Nh6 11. Na3 cxd4 12. cxd4 Nf5 13. Nc2 Be7 14. Qd2 0-0-0 15. Rac1 Kb8 16. a3 Nxg3 17. fxg3 f5 18. Nb4 Bxb4 19. axb4 Qb6 20. Rc3 Qxb4 21. Ra1 Qb6 22. Qd1 Rc8 23. Rb3 Qc7 24. Qf1 Ka8 25. Ra4 Rhf8 26. Qa1 Rf7 27. Rb5 b6 28. Rb3 Na5 29. Rc3 Qb7 30. Bd2 Nc4 31. Qc1 Rfc7 32. Ra2 Nxd2 33. Qxd2 Rxc3 34. bxc3 Qc6 35. Ra3 Qb5 36. Ra1 Qb3 37. Rc1 a5 38. Qg5 Qb2 39. h3 a4 40. Qe3 a3 41. Qe1 a2 42. Ra1 Kb7 43. Kh2 Rc4 44. Kh1 Qc2 45. Kh2 Ra4 46. Kh1 Ra3 47. Kh2 Rb3 48. Rc1 Qb1 49. Rxb1 axb1Q 50. Qe3 Qc2 51. Qg5 Rb2 52. Qe7+ Ka6 53. Qa3+ Kb5 54. c4+ Kxc4 55. Qa6+ Kxd4 56. Qf1 Qxg2+ 57. Qxg2 Rxg2+ 58. Kxg2 Ke3 0-1

[Event "TUR-chT 2nd League"]
[Site "Konya"]
[Date "2018.07.19"]
[Round "6.10"]
[White "Yesil, Duygu"]
[Black "Alparslan, Melisa Nur"]
[Result "1-0"]
[WhiteElo "1356"]
[BlackElo "1337"]
[PlyCount "107"]
[EventDate "2018.07.16"]
[EventType "team-swiss"]
[EventRounds "9"]
[EventCountry "TUR"]
[SourceTitle "EXT 2019"]
[Source "ChessBase"]
[SourceDate "2018.10.10"]
[SourceVersion "1"]
[SourceVersionDate "2018.10.10"]
[SourceQuality "1"]
[WhiteTeam "Marmara Universitesi"]
[BlackTeam "Samsun Gercek"]
[WhiteTeamCountry "TUR"]
[BlackTeamCountry "TUR"]

1. Nf3 d5 2. c4 c6 3. g3 Bf5 4. b3 Nd7 5. Bb2 e6 6. Bg2 Bd6 7. d4 Ne7 8. 0-0 0-0 9. Nbd2 Nf6 10. Ne5 Bxe5 11. dxe5 Nd7 12. e4 dxe4 13. Nxe4 Bxe4 14. Bxe4 Nc5 15. Bc2 Rc8 16. Ba3 b6 17. Qd6 Qxd6 18. exd6 Nf5 19. Bxf5 exf5 20. b4 Ne4 21. c5 b5 22. Bb2 Ra8 23. Rad1 a5 24. a3 axb4 25. axb4 Ra4 26. d7 Rd8 27. Rfe1 Raa8 28. Be5 Ra7 29. f3 Nxc5 30. bxc5 Raxd7 31. Rxd7 Rxd7 32. Bd6 g6 33. Re8+ Kg7 34. Rc8 Ra7 35. Rxc6 Ra1+ 36. Kg2 Rb1 37. Rb6 b4 38. c6 g5 39. Rxb4 Rc1 40. c7 g4 41. fxg4 fxg4 42. Rxg4+ Kf6 43. Rg8 Ke6 44. c8Q+ Rxc8 45. Rxc8 Kxd6 46. Re8 Kd7 47. Re1 Kd6 48. h4 Kd7 49. g4 Kd6 50. g5 Kd7 51. h5 Kd6 52. Kf3 Kd7 53. Kf4 Kd6 54. Kf5 1-0

[Event "TUR-chT 2nd League"]
[Site "Konya"]
[Date "2018.07.18"]
[Round "4.9"]
[White "Yildiz, Aybike Gulbun"]
[Black "Alparslan, Melisa Nur"]
[Result "0-1"]
[WhiteElo "1340"]
[BlackElo "1337"]
[PlyCount "90"]
[EventDate "2018.07.16"]
[EventType "team-swiss"]
[EventRounds "9"]
[EventCountry "TUR"]
[SourceTitle "EXT 2019"]
[Source "ChessBase"]
[SourceDate "2018.10.10"]
[SourceVersion "1"]
[SourceVersionDate "2018.10.10"]
[SourceQuality "1"]
[WhiteTeam "Hayat Genclik"]
[BlackTeam "Samsun Gercek"]
[WhiteTeamCountry "TUR"]
[BlackTeamCountry "TUR"]

1. e4 c6 2. d4 d5 3. Nc3 e6 4. a3 g6 5. Nf3 Bg7 6. Be3 Ne7 7. Qd2 Nd7 8. h4 h5 9. Bd3 b6 10. Ng5 Bb7 11. Qe2 e5 12. Qf3 Rf8 13. Ne2 c5 14. c3 c4 15. Bc2 Qc7 16. Ng3 exd4 17. Bxd4 Bxd4 18. cxd4 b5 19. 0-0 Qb6 20. Rad1 f6 21. Nh3 0-0-0 22. Rfe1 dxe4 23. Bxe4 Bxe4 24. Nxe4 Nf5 25. Qf4 Nb8 26. Nc5 Rd6 27. Re6 Rxe6 28. Nxe6 Qxe6 29. d5 Qd6 30. Qxd6 Nxd6 31. Nf4 g5 32. hxg5 fxg5 33. Nxh5 Nd7 34. Re1 Re8 35. Re6 Rxe6 36. dxe6 Nc5 37. Ng7 Kd8 38. Kh2 Ke7 39. Kh3 Nxe6 40. Nxe6 Kxe6 41. Kg4 Kf6 42. f4 gxf4 43. Kxf4 a5 44. Ke3 Ke5 45. g4 Ne4 0-1

[Event "TUR-chT 2nd League"]
[Site "Konya"]
[Date "2018.07.17"]
[Round "3.14"]
[White "Alparslan, Melisa Nur"]
[Black "Dincer, Cagla"]
[Result "0-1"]
[WhiteElo "1337"]
[BlackElo "1162"]
[PlyCount "140"]
[EventDate "2018.07.16"]
[EventType "team-swiss"]
[EventRounds "9"]
[EventCountry "TUR"]
[SourceTitle "EXT 2019"]
[Source "ChessBase"]
[SourceDate "2018.10.10"]
[SourceVersion "1"]
[SourceVersionDate "2018.10.10"]
[SourceQuality "1"]
[WhiteTeam "Samsun Gercek"]
[BlackTeam "Serenler Egitim"]
[WhiteTeamCountry "TUR"]
[BlackTeamCountry "TUR"]

1. e4 e5 2. Nf3 Nc6 3. Bc4 Bc5 4. c3 Nf6 5. d4 exd4 6. cxd4 Bb4+ 7. Bd2 Bxd2+ 8. Nbxd2 d6 9. 0-0 0-0 10. h3 d5 11. exd5 Nxd5 12. Re1 Nb6 13. Re4 Bf5 14. Rf4 Bg6 15. Bb3 Nd5 16. Bxd5 Qxd5 17. Nb3 Rad8 18. Rc1 Rfe8 19. Rc5 Qd6 20. Qd2 b6 21. Rg5 Ne7 22. Nh4 Nd5 23. Nxg6 fxg6 24. Rf3 Nf6 25. Qc1 Ne4 26. Rg4 c5 27. Qc4+ Qd5 28. Qxd5+ Rxd5 29. Re3 Nf6 30. Rxe8+ Nxe8 31. dxc5 bxc5 32. Rc4 Rd1+ 33. Kh2 Rf1 34. f3 Rf2 35. Rxc5 Rxb2 36. Ra5 Nf6 37. Rxa7 Nh5 38. Ra4 Kf7 39. Nc5 Ke7 40. a3 Kd6 41. Ne4+ Kc6 42. Rc4+ Kd5 43. Rc3 Nf4 44. Kg3 Ne2+ 45. Kh2 Nxc3 46. Nxc3+ Ke5 47. Kg3 Rb3 48. Ne4 Rxa3 49. Kg4 Ra2 50. Kg3 h6 51. h4 Rc2 52. Nf2 Kf5 53. Ne4 Ke5 54. Nf2 Rc4 55. Ne4 Ra4 56. Kg4 Rb4 57. Kg3 Kf5 58. Nf2 g5 59. hxg5 Kxg5 60. Nh3+ Kf5 61. Nf2 g5 62. Ng4 h5 63. Nf2 Ra4 64. Kh2 Ra2 65. Ne4 Kf4 66. Ng3 h4 67. Nh5+ Kf5 68. Kh3 Kg6 69. g4 Rf2 70. f4 gxf4 0-1

[Event "TUR-chT 2nd League"]
[Site "Konya"]
[Date "2018.07.17"]
[Round "2.13"]
[White "Ozdemir, Cemre"]
[Black "Alparslan, Melisa Nur"]
[Result "1-0"]
[WhiteElo "1346"]
[BlackElo "1337"]
[PlyCount "85"]
[EventDate "2018.07.16"]
[EventType "team-swiss"]
[EventRounds "9"]
[EventCountry "TUR"]
[SourceTitle "EXT 2019"]
[Source "ChessBase"]
[SourceDate "2018.10.10"]
[SourceVersion "1"]
[SourceVersionDate "2018.10.10"]
[SourceQuality "1"]
[WhiteTeam "Kahramanmaras Ustad"]
[BlackTeam "Samsun Gercek"]
[WhiteTeamCountry "TUR"]
[BlackTeamCountry "TUR"]

1. e4 e6 2. d4 d5 3. exd5 exd5 4. Nf3 Bf5 5. Bd3 Bxd3 6. Qxd3 Nf6 7. 0-0 Be7 8. Re1 0-0 9. Nbd2 Nc6 10. c3 h6 11. Ne5 Re8 12. f4 Bd6 13. Ndf3 Bxe5 14. fxe5 Nd7 15. Bf4 Re6 16. Bg3 Ne7 17. Rac1 c5 18. b3 Rc8 19. c4 dxc4 20. Rxc4 b6 21. d5 Rg6 22. Nh4 Rg5 23. Bf4 Rh5 24. Nf3 Ng6 25. g4 Nxf4 26. Rxf4 Rh3 27. Kg2 Rxf3 28. Qxf3 Qe8 29. Qc3 Nf8 30. Rfe4 Rd8 31. Qc4 Qe7 32. h3 Qg5 33. e6 fxe6 34. dxe6 Rd2+ 35. R4e2 Nxe6 36. Qxe6+ Kh8 37. Rxd2 Qxd2+ 38. Re2 Qg5 39. Qe5 Qh4 40. Qh5 Qf6 41. Re8+ Kh7 42. Qf5+ Qxf5 43. gxf5 1-0

[Event "TUR-chT 2nd League"]
[Site "Konya"]
[Date "2018.07.16"]
[Round "1.12"]
[White "Alparslan, Melisa Nur"]
[Black "Ayaz, Melek"]
[Result "1-0"]
[WhiteElo "1337"]
[BlackElo "1361"]
[PlyCount "137"]
[EventDate "2018.07.16"]
[EventType "team-swiss"]
[EventRounds "9"]
[EventCountry "TUR"]
[SourceTitle "EXT 2019"]
[Source "ChessBase"]
[SourceDate "2018.10.10"]
[SourceVersion "1"]
[SourceVersionDate "2018.10.10"]
[SourceQuality "1"]
[WhiteTeam "Samsun Gercek"]
[BlackTeam "Mardin Kale"]
[WhiteTeamCountry "TUR"]
[BlackTeamCountry "TUR"]

1. e4 e5 2. Nf3 Nc6 3. Bc4 Bc5 4. c3 Nf6 5. d3 d5 6. exd5 Nxd5 7. h3 h6 8. 0-0 0-0 9. Nbd2 Nf6 10. Re1 Re8 11. Bb5 Bd6 12. Nc4 Nd7 13. Be3 a6 14. Bxc6 bxc6 15. Na5 c5 16. Nb3 Qf6 17. Nfd2 Bb7 18. Ne4 Qg6 19. f3 Bxe4 20. dxe4 a5 21. a4 Reb8 22. Rb1 Qe6 23. Nd2 Nb6 24. b3 Be7 25. Qe2 Rd8 26. Red1 Rab8 27. Qf2 Qc6 28. Qg3 Rd3 29. Nf1 Rbd8 30. Rxd3 Rxd3 31. Qxe5 Bd6 32. Qf5 Rxc3 33. Qg4 Be5 34. Bf2 Bd4 35. Ng3 Bxf2+ 36. Kxf2 Rc2+ 37. Kg1 g5 38. Nf5 Qf6 39. Qh5 Kh7 40. Rd1 c4 41. bxc4 Rxc4 42. Rd8 Rc1+ 43. Kh2 Qe5+ 44. Ng3 Kg7 45. h4 Qf4 46. hxg5 Qxg5 47. Nf5+ Kf6 48. Qxh6+ Qxh6+ 49. Nxh6 c5 50. Rd6+ Kg7 51. Nf5+ Kg8 52. Rxb6 c4 53. Rb5 c3 54. Rc5 Ra1 55. Rxc3 Rxa4 56. Ne3 Ra1 57. Kg3 a4 58. Nc4 Kg7 59. Ra3 Rxa3 60. Nxa3 Kg6 61. Kg4 Kf6 62. Kf4 Kg6 63. Ke5 Kg5 64. g3 Kg6 65. f4 Kg7 66. Kf5 f6 67. e5 fxe5 68. Kxe5 Kf7 69. Kf5 1-0

[Event "TUR-chT 2nd League"]
[Site "Konya"]
[Date "2017.07.20"]
[Round "6.8"]
[White "Meylani, Irem Serdil"]
[Black "Alparslan, Melisa Nur"]
[Result "0-1"]
[WhiteElo "1288"]
[BlackElo "1443"]
[PlyCount "156"]
[EventDate "2017.07.17"]
[EventType "team-swiss"]
[EventRounds "9"]
[EventCountry "TUR"]
[SourceTitle "CBM 179 Extra"]
[Source "ChessBase"]
[SourceDate "2017.08.23"]
[SourceVersion "1"]
[SourceVersionDate "2017.08.23"]
[SourceQuality "1"]
[WhiteTeam "Yalova Altinkale"]
[BlackTeam "Samsun Gercek"]
[WhiteTeamCountry "TUR"]
[BlackTeamCountry "TUR"]

1. e4 e5 2. Nf3 Nc6 3. Bb5 a6 4. Ba4 b5 5. Bb3 Bc5 6. d3 h6 7. 0-0 Nf6 8. c3 d6 9. h3 Be6 10. Bc2 Ba7 11. d4 exd4 12. cxd4 Ne7 13. Re1 0-0 14. Nbd2 Ng6 15. Nf1 Nh5 16. e5 Nhf4 17. Bxg6 Nxg6 18. d5 Bc8 19. exd6 Qxd6 20. Be3 Bb7 21. Bxa7 Rxa7 22. Qd4 Raa8 23. Ne3 Ne7 24. Rad1 Rad8 25. Qg4 Bxd5 26. Nxd5 Nxd5 27. Ne5 Rfe8 28. Qf5 Qf6 29. Qxf6 Nxf6 30. Rxd8 Rxd8 31. Re2 Re8 32. Kf1 Kf8 33. f3 Re7 34. Kf2 Ke8 35. a3 Nd7 36. Nc6 Rxe2+ 37. Kxe2 f6 38. Ke3 Kf7 39. Kd4 Ke6 40. Nd8+ Kd6 41. Nb7+ Kc6 42. Na5+ Kb6 43. Nb3 c6 44. f4 g6 45. Nd2 Ka5 46. g4 Ka4 47. h4 b4 48. axb4 Kxb4 49. g5 fxg5 50. fxg5 hxg5 51. hxg5 a5 52. Nc4 a4 53. Nd2 Kb5 54. Nc4 Kb4 55. Nd2 c5+ 56. Kd5 Nb6+ 57. Ke6 Nc4 58. Nxc4 Kxc4 59. Kf6 Kb3 60. Kxg6 Kxb2 61. Kf6 a3 62. g6 a2 63. g7 a1Q 64. g8Q Kc2+ 65. Ke7 Qe5+ 66. Kd7 Qd4+ 67. Kc6 c4 68. Qg2+ Qd2 69. Qe4+ Qd3 70. Qg2+ Kb3 71. Qg8 Kb2 72. Qb8+ Qb3 73. Qh2+ Ka3 74. Qd6+ Qb4 75. Qg3+ c3 76. Kd5 Qb3+ 77. Kd4 c2 78. Qd6+ Qb4+ 0-1

[Event "TUR-chT 2nd League"]
[Site "Konya"]
[Date "2017.07.18"]
[Round "2.5"]
[White "Hafizoglu, Bengi"]
[Black "Alparslan, Melisa Nur"]
[Result "1-0"]
[WhiteElo "1415"]
[BlackElo "1443"]
[PlyCount "81"]
[EventDate "2017.07.17"]
[EventType "team-swiss"]
[EventRounds "9"]
[EventCountry "TUR"]
[SourceTitle "CBM 179 Extra"]
[Source "ChessBase"]
[SourceDate "2017.08.23"]
[SourceVersion "1"]
[SourceVersionDate "2017.08.23"]
[SourceQuality "1"]
[WhiteTeam "Mugla Ortaca Belediye"]
[BlackTeam "Samsun Gercek"]
[WhiteTeamCountry "TUR"]
[BlackTeamCountry "TUR"]

1. d4 d5 2. Nf3 Bf5 3. c4 e6 4. Nc3 Nf6 5. Bf4 Bd6 6. Bxd6 Qxd6 7. c5 Qd8 8. e3 0-0 9. h3 Nc6 10. a3 Ne4 11. Nxe4 Bxe4 12. Bd3 Qf6 13. Bxe4 dxe4 14. Nd2 Qg6 15. 0-0 f5 16. Qb3 Rab8 17. Qc4 Ne7 18. Nb1 f4 19. exf4 Rxf4 20. Nc3 Nf5 21. d5 Nh4 22. g3 Rf3 23. Kh2 Qf5 24. Qxe4 Rxf2+ 25. Rxf2 Qxf2+ 26. Kh1 Qxg3 27. Qxe6+ Kh8 28. Qg4 Qf3+ 29. Qxf3 Nxf3 30. Kg2 Ne5 31. b4 Rd8 32. Re1 Nc4 33. a4 Kg8 34. Re7 Rc8 35. Nb5 a6 36. Nxc7 Kf8 37. d6 a5 38. Ne6+ Kg8 39. d7 Rb8 40. Re8+ Rxe8 41. dxe8Q# 1-0